000 00230 a2200097 4500
001 23281
100 _aZuyev, V S
245 _aCombustion Chambers for Jet Propulsion Engines
260 _a
_bPergamon
_c1961
090 _c15788
_d15788
942 _aNUST-CAE
_cM
_c6433
999 _c258354
_d258354